Sức khỏe, sự phát triển của thanh thiếu niên phòng chống HIV/AIDS Tài liệu dành cho hướng dẫn viên thanh niên
Salvato in:
| Natura: | Libro |
|---|---|
| Pubblicazione: |
Huế
2000
|
| Soggetti: | |
| Tags: |
Aggiungi Tag
Nessun Tag, puoi essere il primo ad aggiungerne! !
|
| Thư viện lưu trữ: | Trung tâm Học liệu Lê Vũ Hùng, Trường Đại học Đồng Tháp |
|---|
| LEADER | 00957pam a22003498a 4500 | ||
|---|---|---|---|
| 001 | 00035098 | ||
| 005 | 20171026081025.0 | ||
| 008 | 161117s2000 ||||||Viesd | ||
| 041 | 0 | # | |a Vie |
| 082 | 1 | 4 | |a 616.97 |b S552KH |
| 245 | 1 | 0 | |a Sức khỏe, sự phát triển của thanh thiếu niên phòng chống HIV/AIDS |b Tài liệu dành cho hướng dẫn viên thanh niên |
| 260 | # | # | |c 2000 |a Huế |
| 300 | # | # | |a 138 tr. |c 21 cm. |
| 653 | # | # | |a AIDS |
| 653 | # | # | |a Thanh thiếu niên |
| 653 | # | # | |a Sức khỏe sinh sản |
| 653 | # | # | |a Sinh sản |
| 653 | # | # | |a HIV |
| 852 | # | # | |j KD.0017405 |j KM.0018181 |
| 852 | # | # | |b Kho đọc |j KD.0017405 |
| 852 | # | # | |b Kho mượn |j KM.0018181 |
| 910 | |d 17/11/2016 | ||
| 980 | # | # | |a Trung tâm Học liệu Lê Vũ Hùng, Trường Đại học Đồng Tháp |